Ecology and biogeography of Mediterranean ecosystems in Chile, California, and Australia

Αποθηκεύτηκε σε:
Λεπτομέρειες βιβλιογραφικής εγγραφής
Άλλοι συγγραφείς: Kalin Arroyo, Mary T. (Επιμελητής έκδοσης), Zedler, Paul H. (Επιμελητής έκδοσης), Fox, Marilyn D. (Επιμελητής έκδοσης)
Μορφή: Βιβλίο
Γλώσσα:English
Δημοσίευση: New York : Springer-Verlag, c1995
Σειρά:Ecological studies ; ; 108
Θέματα:
Ετικέτες: Προσθήκη ετικέτας
Δεν υπάρχουν, Καταχωρήστε ετικέτα πρώτοι!

MARC

LEADER 00000nam a2200000 i 4500
001 1/40021
008 030904s1995 eng d
020 |a 0-387-94266-1 
035 |l 10070731 
040 |a GR-MY-UA  |b gre  |e aacr 
041 0 |a eng 
082 0 |a 577.0915 
245 1 0 |a Ecology and biogeography of Mediterranean ecosystems in Chile, California, and Australia /  |c Mary T. Kalin Arroyo, Paul H. Zedler and Marilyn D. Fox editors 
260 |a New York :   |b Springer-Verlag,   |c c1995 
300 |a xx, 455 σ.;  |b εικ.;  |c 25 εκ. 
490 1 |a Ecological studies  |v ; 108 
500 |a Περιέχει 66 σχεδιαγράμματα 
504 |a Περιέχει βιβλιογραφία και ευρετήριο 
650 0 0 |a Mediterranean-type ecosystems  |z Chile. 
650 0 0 |a Mediterranean-type ecosystems  |z California. 
650 0 0 |a Mediterranean-type ecosystems  |z Australia. 
650 0 0 |a Biogeography  |z Chile. 
650 0 0 |a Biogeography  |z California. 
650 0 0 |a Biogeography  |z Australia. 
700 1 |a Kalin Arroyo, Mary T.  |4 edt 
700 1 |a Zedler, Paul H.  |4 edt 
700 1 |a Fox, Marilyn D.  |4 edt 
830 0 |a Ecological studies ;  |v ; 108 
852 |a INST  |b LESVOS  |e 20030904  |h 577.0915 ECO  |p 005100026639  |q 005100026639  |t BK  |y 0 
901 |a BIBL1-2003-3 
909 |a Λ  |b 102946 
922 |a 1ΕΛΗ  |b 200211  |c ΕΠΕΑΕΚ2/ΤΓ  |d ΠΑΠΑΣΩΤΗΡΙΟΥ & ΕΛΕΥΘΕΡΟΥΔΑΚΗΣ 
950 |a 118-2002-10-05 
970 |a ΚΑΡΑ  |b ΓΙΑΣΕΜΗ  |z 2003/09/04